| 000 | 00528nam a22001817a 4500 | ||
|---|---|---|---|
| 003 | LK-CoDNM | ||
| 005 | 20241022130007.0 | ||
| 008 | 241022b |||||||| |||| 00| 0 eng d | ||
| 040 |
_aLK-CoDNM _dLK-CoDNM _eLK-CoDNM |
||
| 041 | _asin | ||
| 080 |
_aප්ර.ර _b7.A |
||
| 100 | _aUnnown | ||
| 245 | _aරත්න බෝසත් ළමා සඟරාව | ||
| 300 |
_a59p ; 23cm _bHand Writing |
||
| 650 | _aප්ර.ර 7.A | ||
| 650 | _aරත්න බෝසත් ළමා සඟරාව | ||
| 942 | _cBK | ||
| 999 |
_c221003 _d221003 |
||